000 01260nam a2200313 a 4500
001 ebr10657559
003 CaPaEBR
006 m u
007 cr cn|||||||||
008 120816s2013 njuad sb 001 0 eng d
010 _z 2012032884
020 _z9781118173138 (cloth : alk. paper)
020 _z9781118515839 (e-book)
040 _aCaPaEBR
_cCaPaEBR
035 _a(OCoLC)806981314
050 1 4 _aHD30.23
_b.H3542 2013eb
082 0 4 _a658.4/03
_223
245 0 0 _aHandbook of decision analysis
_h[electronic resource] /
_cGregory S. Parnell ... [et al.].
260 _aHoboken, N.J. :
_bJohn Wiley & Sons,
_c2013.
300 _axxxii, 396 p. :
_bill. (some col.).
440 0 _aWiley handbooks in operations research and management science
504 _aIncludes bibliographical references and index.
533 _aElectronic reproduction.
_bPalo Alto, Calif. :
_cebrary,
_d2013.
_nAvailable via World Wide Web.
_nAccess may be limited to ebrary affiliated libraries.
650 0 _aDecision making.
655 7 _aElectronic books.
_2local
700 1 _aParnell, Gregory S.
710 2 _aebrary, Inc.
856 4 0 _uhttp://site.ebrary.com/lib/rucke/Doc?id=10657559
_zAn electronic book accessible through the World Wide Web; click to view
999 _c76956
_d76956